|
|
|
|
| LEADER |
00000cam a2200000 7i4500 |
| 001 |
0000048232 |
| 005 |
20150610.0 |
| 008 |
150610 |
| 020 |
|
|
|a 9679272338
|
| 020 |
|
|
|a 9789679272338
|
| 090 |
0 |
0 |
|a 415.5
|b VIV
|
| 100 |
1 |
|
|a Vivekananda, K
|
| 245 |
1 |
0 |
|a Grammar :
|b Pronouns
|c K. Vivekananda
|
| 260 |
|
|
|a Kuala Lumpur :
|b Penerbitan Fargoes ,
|c 1992
|
| 300 |
|
|
|a 62pg
|
| 650 |
|
0 |
|a English language
|x Grammar
|
| 999 |
|
|
|a 0000788320
|b Book
|c Adult Collection
|e Cawangan Segamat
|
| 999 |
|
|
|a 0000788321
|b Book
|c Adult Collection
|e Cawangan Segamat
|
| 999 |
|
|
|a 0000788322
|b Book
|c Adult Collection
|e Cawangan Segamat
|
| 999 |
|
|
|a 0000788323
|b Book
|c Adult Collection
|e Cawangan Segamat
|
| 999 |
|
|
|a 0000788324
|b Book
|c Adult Collection
|e Cawangan Segamat
|
| 999 |
|
|
|a 0000882943
|b Book
|c Adult Collection
|e Cawangan Segamat
|
| 999 |
|
|
|a 0000882944
|b Book
|c Adult Collection
|e Cawangan Segamat
|